[Event "Wch U16 Girls blitz"]
[Site "Batumi"]
[Date "2023.06.11"]
[Round "8"]
[White "Gvatua, Mariam"]
[Black "Momyn, Madina"]
[Result "1-0"]
[WhiteElo "1435"]
[BlackElo "1428"]
[PlyCount "87"]
[EventDate "2023.06.10"]
[EventType "swiss (blitz)"]
[EventRounds "11"]
[EventCountry "GEO"]
[SourceTitle "EXT 2024"]
[Source "ChessBase"]
[SourceDate "2023.10.10"]
[SourceVersion "1"]
[SourceVersionDate "2023.10.10"]
[SourceQuality "1"]
[WhiteTeam "Georgia"]
[BlackTeam "Kazakhstan"]
[WhiteTeamCountry "GEO"]
[BlackTeamCountry "KAZ"]

1. e4 c6 2. d4 d5 3. e5 c5 4. c3 Nc6 5. Nf3 Bg4 6. Be2 Bxf3 7. Bxf3 e6 8. Na3 cxd4 9. cxd4 Bxa3 10. bxa3 Qa5+ 11. Kf1 Nge7 12. g4 Qb6 13. Be3 Qa6+ 14. Be2 Qxa3 15. Kg2 Qa5 16. Qb3 Qc7 17. Rab1 Rb8 18. Rhc1 0-0 19. Bd2 Qd7 20. Qe3 Ng6 21. Bb5 a6 22. Bxc6 bxc6 23. Bb4 Rfc8 24. Bd6 Rb7 25. Kf1 Rb5 26. a4 Rb7 27. Qd3 a5 28. Qa6 Ra7 29. Qb6 Nf4 30. Rb3 f6 31. exf6 Ng6 32. g5 Rca8 33. Bg3 gxf6 34. gxf6 Ra6 35. Qc5 Kf7 36. Rcb1 R8a7 37. Bb8 Kxf6 38. Bxa7 e5 39. Rb7 Qh3+ 40. Ke1 Qd3 41. Qd6+ Kg5 42. dxe5 Qe4+ 43. Be3+ Nf4 44. Qf6+ 1-0

[Event "Wch U16 Girls blitz"]
[Site "Batumi"]
[Date "2023.06.10"]
[Round "4"]
[White "Aslibekyan, Narine"]
[Black "Gvatua, Mariam"]
[Result "1-0"]
[WhiteElo "1448"]
[BlackElo "1435"]
[PlyCount "61"]
[EventDate "2023.06.10"]
[EventType "swiss (blitz)"]
[EventRounds "11"]
[EventCountry "GEO"]
[SourceTitle "EXT 2024"]
[Source "ChessBase"]
[SourceDate "2023.10.10"]
[SourceVersion "1"]
[SourceVersionDate "2023.10.10"]
[SourceQuality "1"]
[WhiteTeam "Armenia"]
[BlackTeam "Georgia"]
[WhiteTeamCountry "ARM"]
[BlackTeamCountry "GEO"]

1. d4 d5 2. c4 c6 3. cxd5 cxd5 4. Bf4 Nc6 5. Nf3 Bg4 6. e3 e6 7. Nc3 Nf6 8. Bb5 a6 9. Bxc6+ bxc6 10. 0-0 Be7 11. Qa4 Bxf3 12. Qxc6+ Nd7 13. gxf3 0-0 14. Kh1 Nf6 15. Rg1 Nh5 16. Ne2 Bh4 17. Bg3 Rc8 18. Qxa6 Rc2 19. b4 Qf6 20. f4 Kh8 21. Rac1 Rb2 22. b5 g5 23. b6 Qd8 24. b7 Rb6 25. Qa7 Qf6 26. Qxb6 gxf4 27. Nxf4 Bxg3 28. fxg3 Nxf4 29. gxf4 Qf5 30. b8Q Qe4+ 31. Rg2 1-0

[Event "Wch U16 Girls rapid"]
[Site "Batumi"]
[Date "2023.06.08"]
[Round "8"]
[White "Shvedova, Alexandra"]
[Black "Gvatua, Mariam"]
[Result "1-0"]
[WhiteElo "2005"]
[BlackElo "1538"]
[PlyCount "81"]
[EventDate "2023.06.06"]
[EventType "swiss (rapid)"]
[EventRounds "11"]
[EventCountry "GEO"]
[SourceTitle "EXT 2024"]
[Source "ChessBase"]
[SourceDate "2023.10.10"]
[SourceVersion "1"]
[SourceVersionDate "2023.10.10"]
[SourceQuality "1"]
[WhiteTeam "FIDE"]
[BlackTeam "Georgia"]
[BlackTeamCountry "GEO"]

1. e4 c5 2. Nf3 Nc6 3. d4 cxd4 4. Nxd4 Nf6 5. Nc3 d6 6. Bg5 Bd7 7. Qd2 Rc8 8. f4 Nxd4 9. Qxd4 Qa5 10. e5 dxe5 11. fxe5 Qc5 12. 0-0-0 Qxd4 13. Rxd4 Ng4 14. e6 Bxe6 15. Bb5+ Rc6 16. Re1 h6 17. Bf4 Nf6 18. Ra4 g5 19. Be5 Bg7 20. Rxa7 0-0 21. Bxc6 bxc6 22. Rxe7 Rc8 23. a4 c5 24. Rb7 Ra8 25. Rb8+ Rxb8 26. Bxb8 Nd7 27. Bd6 Bd4 28. Nb5 Bf2 29. Re2 Bg1 30. b3 Bg4 31. Re8+ Kg7 32. a5 c4 33. a6 cxb3 34. cxb3 Nb6 35. a7 Bd7 36. Rb8 Be3+ 37. Kb2 Bc6 38. Be5+ Kg6 39. Bd4 Bxd4+ 40. Nxd4 Bxg2 41. Rxb6+ 1-0

[Event "EU-ch Schools U13 Girls"]
[Site "Tornelo INT"]
[Date "2021.12.05"]
[Round "7"]
[White "Gvatua, Mariam"]
[Black "Abdinova, Narmin"]
[Result "1-0"]
[WhiteElo "1556"]
[BlackElo "1850"]
[PlyCount "71"]
[EventDate "2021.12.03"]
[EventType "swiss (rapid)"]
[EventRounds "7"]
[EventCountry "NET"]
[SourceTitle "EXT 2023"]
[Source "ChessBase"]
[SourceDate "2022.10.05"]
[SourceVersion "1"]
[SourceVersionDate "2022.10.05"]
[SourceQuality "1"]

1. d4 Nf6 2. Nc3 d5 3. Bg5 h6 4. Bxf6 exf6 5. e3 Be6 6. Bd3 Be7 7. Nf3 0-0 8. e4 Nc6 9. 0-0 Nb4 10. exd5 Nxd5 11. Ne4 Nf4 12. Qd2 Nxd3 13. Qxd3 Qd7 14. c4 Bf5 15. Rfe1 Bb4 16. Re2 Rfe8 17. a3 Bd6 18. Rae1 Re7 19. Qd2 Bxe4 20. Rxe4 Rae8 21. Rxe7 Rxe7 22. Re3 Qf5 23. Rxe7 Bxe7 24. Qe1 Bd6 25. c5 Bf4 26. g3 Bxg3 27. hxg3 Qxf3 28. Qe8+ Kh7 29. Qxf7 Qd1+ 30. Kg2 Qxd4 31. Qxc7 Qe4+ 32. Kh2 Qc6 33. Qxc6 bxc6 34. b4 a6 35. a4 Kg6 36. b5 1-0

[Event "EU-ch Hybrid U14 Girls"]
[Site "Tornelo INT"]
[Date "2021.10.15"]
[Round "1"]
[White "Buyuk, Ecrin Efsa"]
[Black "Gvatua, Mariam"]
[Result "1/2-1/2"]
[WhiteElo "1730"]
[BlackElo "1407"]
[PlyCount "130"]
[EventDate "2021.10.15"]
[EventType "swiss"]
[EventRounds "9"]
[EventCountry "NET"]
[SourceTitle "EXT 2023"]
[Source "ChessBase"]
[SourceDate "2022.10.05"]
[SourceVersion "1"]
[SourceVersionDate "2022.10.05"]
[SourceQuality "1"]
[WhiteTeam "Turkey"]
[BlackTeam "Georgia"]
[WhiteTeamCountry "TUR"]
[BlackTeamCountry "GEO"]

1. e4 d5 2. exd5 Qxd5 3. Nc3 Qa5 4. d4 c6 5. h3 Nf6 6. Nf3 Bf5 7. Bd3 Bxd3 8. Qxd3 Nbd7 9. 0-0 e6 10. Bf4 Be7 11. Ne5 Nxe5 12. dxe5 Nd5 13. Bd2 Nb4 14. Qg3 g6 15. Bg5 Bxg5 16. Qxg5 h6 17. Qf6 0-0 18. Ne4 Rad8 19. Nd6 Nxc2 20. Nxb7 Qd5 21. Nxd8 Nxa1 22. Nxe6 Qxe6 23. Qxe6 fxe6 24. Rxa1 Rb8 25. b3 Kf7 26. Rd1 Ke7 27. Rd6 Rb6 28. Rd4 Rb5 29. f4 g5 30. fxg5 hxg5 31. Rd6 Rc5 32. Kh2 Rc3 33. Rd4 Rc5 34. Re4 Kf7 35. Kg3 Kg6 36. Kg4 Rc2 37. g3 Rxa2 38. Rc4 Ra6 39. Rd4 Rb6 40. Rd6 Rb4+ 41. Kf3 Rxb3+ 42. Kg4 Rb4+ 43. Kf3 Kf5 44. Rxc6 Rb3+ 45. Kf2 Kxe5 46. Rc5+ Kf6 47. Ra5 Rb7 48. Kf3 Rh7 49. Kg4 Rd7 50. Kf3 Rd3+ 51. Kg4 Rd7 52. Kf3 Kg6 53. Kg4 Kh6 54. Re5 Rd6 55. Ra5 a6 56. Kf3 Kg6 57. Kg4 Kf6 58. Kf3 e5 59. Ke4 Rb6 60. Kf3 Kf5 61. g4+ Ke6 62. Ke4 Rb4+ 63. Kf3 Rb6 64. Ke4 Kf6 65. Kf3 Ke6 1/2-1/2

[Event "EU-ch Hybrid U14 Girls"]
[Site "Tornelo INT"]
[Date "2021.10.15"]
[Round "8"]
[White "Gvatua, Mariam"]
[Black "Helliesen, Lykke Merlot"]
[Result "0-1"]
[WhiteElo "1407"]
[BlackElo "1719"]
[PlyCount "142"]
[EventDate "2021.10.15"]
[EventType "swiss"]
[EventRounds "9"]
[EventCountry "NET"]
[SourceTitle "EXT 2023"]
[Source "ChessBase"]
[SourceDate "2022.10.05"]
[SourceVersion "1"]
[SourceVersionDate "2022.10.05"]
[SourceQuality "1"]
[WhiteTeam "Georgia"]
[BlackTeam "Norway"]
[WhiteTeamCountry "GEO"]
[BlackTeamCountry "NOR"]

1. e4 c5 2. Nf3 Nc6 3. Bb5 g6 4. 0-0 Bg7 5. c3 Nf6 6. Re1 0-0 7. d4 cxd4 8. cxd4 d5 9. e5 Ne8 10. Bxc6 bxc6 11. Qc2 Qb6 12. Nc3 Bg4 13. Na4 Qb5 14. Nc5 Nc7 15. a4 Qb6 16. Bg5 Rfe8 17. Nd2 Ne6 18. a5 Qb5 19. Nxe6 Bxe6 20. Re3 Bf5 21. Qb3 Rab8 22. Qxb5 Rxb5 23. b3 h6 24. Bh4 g5 25. Bg3 c5 26. dxc5 Rxc5 27. b4 Rc2 28. Nb3 Rc4 29. b5 Rb4 30. f3 d4 31. Be1 Rc4 32. Re2 d3 33. Re3 Rb8 34. b6 axb6 35. a6 Ra8 36. a7 Rc7 37. Nd4 Bd7 38. Rxd3 Rcxa7 39. Rxa7 Rxa7 40. Re3 Ra4 41. Bc3 e6 42. g3 b5 43. f4 gxf4 44. gxf4 Bf8 45. Rd3 b4 46. Bd2 Bc5 47. Kg2 Ra2 48. Nb3 Bc6+ 49. Kh3 Be7 50. Rg3+ Kh7 51. Be3 Bd5 52. Bc5 Bxc5 53. Nxc5 Ra3 54. Kh4 Rxg3 55. hxg3 b3 56. Nd3 Kg6 57. g4 Be4 58. Nb2 Kg7 59. Kg3 Kf8 60. Kf2 Ke7 61. Ke3 Bd5 62. Nd3 Kd7 63. Nb2 Kc6 64. Nd3 Kb5 65. Kd4 Bf3 66. g5 hxg5 67. fxg5 Be2 68. Nb2 Kb4 69. Ke3 Ka3 70. Kxe2 Kxb2 71. Kd2 Ka2 0-1

[Event "GEO-ch (Women) 1st League 78th"]
[Site "Tbilisi"]
[Date "2021.03.23"]
[Round "6"]
[White "Gvatua, Mariam"]
[Black "Gvetadze, Sofio"]
[Result "0-1"]
[WhiteElo "1343"]
[BlackElo "2317"]
[PlyCount "70"]
[EventDate "2021.03.18"]
[EventType "swiss"]
[EventRounds "9"]
[EventCountry "GEO"]
[SourceTitle "CBM 201 Extra"]
[Source "ChessBase"]
[SourceDate "2021.05.31"]
[SourceVersion "1"]
[SourceVersionDate "2021.05.31"]
[SourceQuality "1"]

1. d4 c5 2. d5 g6 3. e4 Bg7 4. Nf3 d6 5. Bb5+ Bd7 6. Bxd7+ Nxd7 7. 0-0 Ngf6 8. Re1 0-0 9. Bd2 b5 10. c3 Re8 11. Bg5 h6 12. Bh4 Qc7 13. Bg3 Nh5 14. Qc2 Nb6 15. Nbd2 Nxg3 16. hxg3 e6 17. Qb3 a6 18. Nf1 exd5 19. exd5 Qb7 20. Rxe8+ Rxe8 21. Ne3 Re4 22. Qc2 Re7 23. Rd1 h5 24. Nh4 Re5 25. Nf3 Re8 26. Nh4 Kh7 27. Qd3 Qe7 28. Re1 Qf6 29. Qd2 Bh6 30. f3 Nc4 31. Qd3 Rxe3 32. Rxe3 Bxe3+ 33. Kh2 Bg5 34. Kh3 Bxh4 35. gxh4 Qf5+ 0-1

[Event "Gaprindashvili Cup (Women)"]
[Site "Tornelo INT"]
[Date "2020.11.09"]
[Round "5"]
[White "Khazhomia, Anuki"]
[Black "Gvatua, Mariam"]
[Result "1-0"]
[WhiteElo "1880"]
[BlackElo "1343"]
[PlyCount "89"]
[EventDate "2020.11.08"]
[EventType "swiss (rapid)"]
[EventRounds "9"]
[EventCountry "GEO"]
[SourceTitle "CBM 199 Extra"]
[Source "ChessBase"]
[SourceDate "2021.01.31"]
[SourceVersion "1"]
[SourceVersionDate "2021.01.31"]
[SourceQuality "1"]

1. d4 Nf6 2. c4 e6 3. Nf3 d5 4. Nc3 Bb4 5. Bg5 0-0 6. e3 b6 7. cxd5 exd5 8. Bd3 Nbd7 9. Qc2 h6 10. Bh4 Bb7 11. 0-0 Be7 12. Rac1 Ne4 13. Bxe7 Qxe7 14. Nd2 Nxd2 15. Qxd2 Nf6 16. Qe2 c6 17. Na4 Ne4 18. Qg4 Nf6 19. Qf5 Qd7 20. Qf4 Rfe8 21. Bf5 Qe7 22. g4 Ne4 23. Nc3 g5 24. Qf3 Nd2 25. Qh3 Nxf1 26. Qxh6 f6 27. Rxf1 Qg7 28. Qh5 Bc8 29. Qxe8+ Qf8 30. Qxc6 Bxf5 31. gxf5 Kg7 32. Qb7+ Kh6 33. Nxd5 Rd8 34. Qe7 Qxe7 35. Nxe7 Rd6 36. Rc1 Rd7 37. Nc8 Kg7 38. Rc6 Kf7 39. Nd6+ Ke7 40. Ne4 Rd5 41. Re6+ Kf7 42. Rxf6+ Kg7 43. Rg6+ Kh7 44. Nf6+ Kh8 45. Rg8# 1-0

[Event "EU-ch Online U12 Girls"]
[Site "Tornelo INT"]
[Date "2020.09.19"]
[Round "4"]
[White "Tsetskhladze, Mariam"]
[Black "Gvatua, Mariam"]
[Result "0-1"]
[WhiteElo "1095"]
[BlackElo "1353"]
[PlyCount "210"]
[EventDate "2020.09.18"]
[EventType "swiss (rapid)"]
[EventRounds "9"]
[EventCountry "NET"]
[SourceTitle "EXT 2023"]
[Source "ChessBase"]
[SourceDate "2022.10.05"]
[SourceVersion "1"]
[SourceVersionDate "2022.10.05"]
[SourceQuality "1"]
[WhiteTeam "Georgia"]
[BlackTeam "Georgia"]
[WhiteTeamCountry "GEO"]
[BlackTeamCountry "GEO"]

1. e4 c5 2. Nf3 d6 3. Bb5+ Bd7 4. Bxd7+ Qxd7 5. c4 Nc6 6. Nc3 Nf6 7. 0-0 g6 8. d4 cxd4 9. Nxd4 Bg7 10. Re1 0-0 11. b3 Nxd4 12. Qxd4 Nxe4 13. Qxe4 Bxc3 14. Bh6 Rfe8 15. Qf3 Bxa1 16. Rxa1 Qc6 17. Qc3 e5 18. Bg5 Qe4 19. Re1 Qf5 20. Qd2 f6 21. Be3 Qe6 22. Rd1 Rad8 23. Bxa7 Rd7 24. Bc5 Red8 25. Bb6 Rc8 26. Be3 f5 27. g3 Rf8 28. Bc5 Rfd8 29. Bb6 Rc8 30. Be3 Kg7 31. Bh6+ Kf7 32. Be3 Rc6 33. Kg2 h5 34. Kh1 Rc8 35. Kg2 Rc6 36. Kg1 Rd8 37. Qa5 Rdc8 38. Qb4 f4 39. Bc1 R8c7 40. Qe1 Qg4 41. Ba3 Rd7 42. Rd2 f3 43. Qf1 h4 44. h3 Qg5 45. Rd3 Qf6 46. g4 Qf4 47. Bc1 Qf6 48. Qd1 e4 49. Rd4 Qe5 50. Be3 Qe6 51. Rd5 Kg7 52. Qd4+ Qf6 53. Qd1 Kf7 54. Rd4 Rc8 55. Rd5 Re8 56. Kh1 Qe6 57. Kg1 Rg8 58. Qd2 Rh8 59. Qd4 Rh7 60. Qd2 Qf6 61. Bd4 Qe7 62. Be3 Qf6 63. Qd1 Qe6 64. Qd2 Ke8 65. Qd1 Qf6 66. Kh1 Qe6 67. Kg1 Rh8 68. Qd4 Rf8 69. Bh6 Rg8 70. Be3 Qe7 71. Qd2 Qf6 72. Qd1 g5 73. Kh2 Ke7 74. Qd2 Qg6 75. Bxg5+ Ke8 76. Be3 Rh8 77. Qd4 Rhh7 78. Qd2 Qe6 79. Qd4 Kd8 80. Bg5+ Kc7 81. Be3 Kd8 82. Bg5+ Ke8 83. Bf4 Rh6 84. Bxh6 Qxh6 85. Qd2 Qe6 86. Qd4 Qh6 87. Rf5 Kd8 88. Qb6+ Kc8 89. Qd4 Kc7 90. Qd1 Qe6 91. Qd2 Re7 92. Qe3 Rd7 93. Qd2 Qg6 94. Qe3 Qe6 95. Qd2 Re7 96. Qe3 Qg6 97. Rg5 Qf6 98. Rf5 Qa1 99. Rxf3 Qe5+ 100. Kg1 exf3 101. Qc1 Qe1+ 102. Qxe1 Rxe1+ 103. Kh2 Re5 104. Kg1 Kd7 105. Kf1 Ke6 0-1

[Event "Wch U10 Girls"]
[Site "Santiago de Compostela"]
[Date "2018.11.05"]
[Round "2"]
[White "Gvatua, Mariam"]
[Black "Vlasova, Olesia"]
[Result "0-1"]
[WhiteElo "1298"]
[BlackElo "1639"]
[PlyCount "64"]
[EventDate "2018.11.04"]
[EventType "swiss"]
[EventRounds "11"]
[EventCountry "ESP"]
[SourceTitle "EXT 2022"]
[Source "ChessBase"]
[SourceDate "2021.10.06"]
[SourceVersion "1"]
[SourceVersionDate "2021.10.06"]
[SourceQuality "1"]

1. e4 c5 2. d3 Nc6 3. g3 g6 4. Bg2 Bg7 5. Nd2 e6 6. Ne2 Nge7 7. 0-0 0-0 8. f4 d6 9. Nf3 Rb8 10. h3 b5 11. g4 f5 12. Ng3 Qc7 13. Kh1 Bd7 14. Rg1 a5 15. c3 b4 16. c4 Nd4 17. Rb1 Nec6 18. b3 Qd8 19. Bb2 fxg4 20. hxg4 Rxf4 21. Bc1 Rf7 22. Bg5 Bf6 23. Bxf6 Qxf6 24. Rf1 Nxf3 25. Bxf3 Nd4 26. Kg2 Rbf8 27. Be2 Qg5 28. Qc1 Rf4 29. Qe3 e5 30. Rbd1 Nxe2 31. Nxe2 Rxg4+ 32. Ng3 Qxe3 0-1